| 000 | 00906nam a22001935i 4500 | ||
|---|---|---|---|
| 001 | 167568 | ||
| 003 | ES-MaACL | ||
| 005 | 20230906213543.0 | ||
| 008 | 960408s1852 sp |||| | spa d | ||
| 040 |
_aCLM _bspa _cCLM |
||
| 100 | 1 |
_aVillanueva, Isaac. _9133745 |
|
| 245 | 1 | 0 |
_aCurso de dibujo industrial ó Lecciones dadas en la enseñanza de la delineación aplicada á las artes y á las máquinas en el Conservatorio de Artes de Madrid. _nParte primera, _pContiene los elementos de la geometría y sus aplicaciones al dibujo de adorno y de la figura en cuatro láminas / _cpor Isaac Villanueva. |
| 250 | _a3ª ed. | ||
| 260 |
_aMadrid : _b[s.n.], _c1852 ( _fImprenta de la compañía de Impresores y Libreros del Reino) |
||
| 300 |
_a68 p. ; _c22 cm. |
||
| 500 | _aSolo texto. | ||
| 650 | 4 |
_aDiseño industrial. _911945 |
|
| 852 |
_aES-MaACL _jT-704-F-4 _z-- Enc. hol., conservando la cub. original |
||
| 999 |
_c167568 _d167568 |
||